Pedagogía doméstica (Registro nro. 301089)

Detalles MARC
000 -ENCABEZADO
Número de control [NR] 01215nam a22002417a 4500
005 - FECHA Y HORA DE LA ÚLTIMA TRANSACCIÓN
control field 20150903142228.0
008 - DE LONGITUD FIJA DE DATOS DE ELEMENTOS - INFORMACIÓN GENERAL
Elementos de longitud fija [NR] 150903n ck ||||fr|||| 00| 0 spa d
040 ## - FUENTE DE CATALOGACION [NR]
Quien Cataloga Sandra Yazo
Quien Clasifica Sandra Yazo
041 0# - CODIGO DE IDIOMA [R]
Código de idioma para texto/pista de sonido o título separado [R] Español
082 04 - NUMERO DE CLASIFICACION DECIMAL DEWEY [R]
Número de la edición [NR] 20
Número de clasificación [R] 392.3
092 ## - SIGNATURA TOPOGRAFICA LOCAL
Número de clasificación local E37N041
100 1# - ASIENTO PRINCIPAL--NOMBRE PERSONAL [NR]
Nombre personal [NR] Restrepo Mejía, Martín
ID Autoridad 62940
245 10 - MENCION DE TITULO [NR]
Título [NR] Pedagogía doméstica
Mención de responsabilidad, etc. [NR] Martín Restrepo Mejía
260 ## - PUBLICACION, DISTRIBUCION, ETC. (PIE DE IMPRENTA) [R]
Lugar de publicación, distribución, etc. [R] Bogotá (Colombia)
Nombre del editor, distribuidor, etc. [R] Arboleda y Valencia
Fecha de publicación, distribución, etc. [R] 1913
300 ## - DESCRIPCION FISICA [R]
Extensión [R] 248 paginas
Dimensiones [R] 18 x 12 cm.
500 ## - NOTA GENERAL [R]
Nota general [NR] Detalles físicos: Encuadernación rígida (holandesa) en cartón forrado en papel. Lomo en tela. Tapa delantera con datos de publicación impresos y enmarcados en un recuadro. Guardas rotas. Portada en una sola tinta con adorno que la enmarca. Texto en una sola columna. Papel manchado
505 1# - NOTA DE CONTENIDO CON FORMATO PREESTABLECIDO [R]
Nota de contenido con formato preestablecido [NR] Aprobación eclesiástica ; Dedicatoria ; Concepto de don Marco Fidel Suarez ; Introducción ; Carta de un Prelado a un Cura de aldea ; En camino ; Antes del matrimonio ; En el matrimonio ; El niño ; El joven
506 ## - NOTA DE RESTRICCIONES DE ACCESO [R]
Condiciones de acceso [NR] Consulta en sala
650 #7 - ASIENTO SECUNDARIO DE MATERIA - TERMINO TEMATICO [R]
9 (RLIN) 8225
Término temático o nombre geográfico como elemento de entrada [NR] Vida social y costumbres
Subdivisión general [R] Manuales
650 #7 - ASIENTO SECUNDARIO DE MATERIA - TERMINO TEMATICO [R]
9 (RLIN) 15547
Término temático o nombre geográfico como elemento de entrada [NR] Familia
Subdivisión general [R] Manuales
690 ## - ASUNTO AGREGADO LOCAL DE ENTRADA - TÉRMINO TEMÁTICO (OCLC, RLIN)
9 (RLIN) 42914
Acceso temático local Sociología
942 ## - ELEMENTOS DE ENTRADA AGREGADOS (KOHA)
Sistema de clasificación LOCAL
Tipo de ítem principal el descrito en 300a Libro
Edición 1
Clasificación E37N041
Existencias
Suprimido Perdido Sistema de clasificación Dañado No prestable Tipo de ítem específico Ubicación habitual Ubicación actual Localización Fecha de creación Forma de adquisición Costo Total préstamos Signatura topográfica Código de barras Última vez visto Ejemplar Price effective from Tipo de ítem
    LOCAL     Libro archivo Archivo Histórico Archivo Histórico Archivo histórico 03/09/2015 Donación 0.00   E37N041 L005123 03/09/2015 Ej.1 03/09/2015 Libro